[Event "BCF-ch U14"]
[Site "Hull"]
[Date "2024.07.31"]
[Round "4"]
[White "Sahoo, Shivam"]
[Black "Chu, Edward"]
[Result "1/2-1/2"]
[WhiteElo "1614"]
[BlackElo "1526"]
[PlyCount "73"]
[EventDate "2024.07.28"]
[EventType "swiss"]
[EventRounds "7"]
[EventCountry "ENG"]
[SourceTitle "EXT 2025"]
[Source "ChessBase"]
[SourceDate "2024.10.14"]
[SourceVersion "1"]
[SourceVersionDate "2024.10.14"]
[SourceQuality "1"]

1. d4 d6 2. c4 Nf6 3. Nc3 g6 4. e4 Bg7 5. Be2 0-0 6. Nf3 Nbd7 7. 0-0 c5 8. d5 Re8 9. Bf4 Ng4 10. Qc2 Nge5 11. Nd2 Nf8 12. Rab1 e6 13. Bxe5 Bxe5 14. Nf3 Bg7 15. h3 h6 16. Rfe1 Nh7 17. Rbd1 Nf6 18. dxe6 Rxe6 19. e5 Ne8 20. Bf1 Qc7 21. Nb5 Qc6 22. exd6 a6 23. Rxe6 Bxe6 24. Qa4 Bxb2 25. Qb3 Bg7 26. Na3 Rd8 27. Be2 Rxd6 28. Rxd6 Nxd6 29. Nd2 Ne4 30. Nxe4 Qxe4 31. Qd3 Qh4 32. Nc2 Bf5 33. Qb3 Qe4 34. Ne3 Qb1+ 35. Qxb1 Bxb1 36. a4 a5 37. Bf3 1/2-1/2

[Event "BCF-ch U14"]
[Site "Hull"]
[Date "2024.07.30"]
[Round "3"]
[White "Xu, Jiarui"]
[Black "Sahoo, Shivam"]
[Result "1-0"]
[WhiteElo "1748"]
[BlackElo "1614"]
[PlyCount "187"]
[EventDate "2024.07.28"]
[EventType "swiss"]
[EventRounds "7"]
[EventCountry "ENG"]
[SourceTitle "EXT 2025"]
[Source "ChessBase"]
[SourceDate "2024.10.14"]
[SourceVersion "1"]
[SourceVersionDate "2024.10.14"]
[SourceQuality "1"]

1. e4 e6 2. d4 d5 3. exd5 exd5 4. c3 Nf6 5. Bd3 Bd6 6. Nf3 0-0 7. 0-0 Bg4 8. h3 Bh5 9. Re1 Nbd7 10. Nbd2 c6 11. Qc2 Qc7 12. b3 Rac8 13. c4 c5 14. Bb2 dxc4 15. bxc4 Rfe8 16. d5 Bg6 17. Nh4 Be5 18. Nxg6 hxg6 19. Nf3 Bxb2 20. Qxb2 Rxe1+ 21. Rxe1 Re8 22. Rb1 Rb8 23. Qa3 a6 24. Qc3 Qd6 25. a4 Qc7 26. a5 Re8 27. Bc2 Ne5 28. Nxe5 Rxe5 29. Qb2 Re2 30. Qc3 Qf4 31. Rf1 Qd2 32. Qxd2 Rxd2 33. Rc1 Nd7 34. Kf1 Ne5 35. Bb1 Rb2 36. f4 Nd7 37. Be4 Nf6 38. Bf3 Kf8 39. d6 Rd2 40. Bxb7 Rxd6 41. Rb1 Ke7 42. Ke2 Ke6 43. Ke3 Nd7 44. g4 f5 45. Bd5+ Ke7 46. Rb7 Kf8 47. g5 Ke7 48. h4 Kd8 49. Ra7 Kc8 50. Bb7+ Kb8 51. Rxa6 Rxa6 52. Bxa6 Nf8 53. Bb5 Ka7 54. Kf3 Ne6 55. Ke3 Nc7 56. Bd7 Ka6 57. h5 gxh5 58. Bxf5 Ne8 59. Bg6 Nd6 60. Bxh5 Kxa5 61. Kd3 Kb6 62. Bg4 Kc6 63. f5 Ne8 64. Bf3+ Kd6 65. Ke4 Nc7 66. Bh5 Kd7 67. Ke5 Ke7 68. Bf3 Kd7 69. Bd5 Ke7 70. f6+ gxf6+ 71. gxf6+ Kf8 72. Bf3 Na6 73. Bh5 Nb4 74. Bg6 Kg8 75. Kd6 Kf8 76. Kxc5 Na6+ 77. Kd6 Nb8 78. c5 Na6 79. c6 Kg8 80. Ke7 Nc7 81. f7+ Kg7 82. f8Q+ Kxg6 83. Qf6+ Kh5 84. Qf5+ Kh4 85. Qf4+ Kh3 86. Qxc7 Kh4 87. Qf4+ Kh3 88. Qg5 Kh2 89. Qg4 Kh1 90. Ke6 Kh2 91. Kf5 Kh1 92. Kf4 Kh2 93. Kf3 Kh1 94. Qg2# 1-0

[Event "BCF-ch U14"]
[Site "Hull"]
[Date "2024.07.28"]
[Round "1"]
[White "Sahoo, Shivam"]
[Black "Kumar, Arnav"]
[Result "1-0"]
[WhiteElo "1614"]
[BlackElo "1803"]
[PlyCount "159"]
[EventDate "2024.07.28"]
[EventType "swiss"]
[EventRounds "7"]
[EventCountry "ENG"]
[SourceTitle "EXT 2025"]
[Source "ChessBase"]
[SourceDate "2024.10.14"]
[SourceVersion "1"]
[SourceVersionDate "2024.10.14"]
[SourceQuality "1"]

1. d4 d5 2. c4 e6 3. Nc3 Nf6 4. cxd5 exd5 5. Bg5 Be7 6. e3 c6 7. Bd3 0-0 8. Nf3 h6 9. Bh4 Bg4 10. h3 Bxf3 11. Qxf3 Re8 12. 0-0 Nbd7 13. a3 a5 14. Rfe1 Ne4 15. Bxe7 Qxe7 16. Bxe4 dxe4 17. Qg3 Nf6 18. Red1 Rad8 19. Rd2 Nd5 20. Rc1 Nxc3 21. Rxc3 Rd5 22. Rdc2 Red8 23. Rc5 Kh7 24. Kh2 R8d6 25. Rc1 Rg6 26. Qf4 Rf6 27. Qg3 Rff5 28. Rxd5 Rxd5 29. Rc2 Rb5 30. Qb8 Qe6 31. Qf4 Qb3 32. Rc3 Qxb2 33. Qxe4+ f5 34. Qc2 Qxc2 35. Rxc2 Kg6 36. Kg3 Rb3 37. Ra2 a4 38. Kf3 Kf6 39. g4 g5 40. Ra1 Ke6 41. Ra2 Rb1 42. Rc2 fxg4+ 43. hxg4 Ra1 44. Rc3 Rb1 45. Rc4 b5 46. Rxc6+ Kd7 47. Rc3 Rb3 48. Rc5 Kd6 49. Ke4 Rxa3 50. Rxb5 Kc6 51. Rb2 Ra1 52. Rb8 a3 53. Ra8 Kb7 54. Ra4 a2 55. Kf3 Kb6 56. d5 Rd1 57. Rxa2 Rxd5 58. Ke4 Rb5 59. Rc2 Rb4+ 60. Kf5 Kb7 61. e4 Kb6 62. e5 Rf4+ 63. Kg6 Rxg4 64. Re2 Kc7 65. Rd2 Re4 66. Kf6 Rf4+ 67. Ke7 Re4 68. e6 Rf4 69. Ke8 Rf6 70. e7 Rf4 71. Rc2+ Kd6 72. Kd8 Ra4 73. e8Q Ra8+ 74. Rc8 Ra7 75. Rc6+ Kd5 76. Qe6+ Kd4 77. Rc4+ Kd3 78. Qe4+ Kd2 79. Rc2+ Kd1 80. Qe2# 1-0